[Event "EU-chT (Men) 12th"]
[Site "Batumi"]
[Date "1999.11.30"]
[Round "2.1"]
[White "Piket, Jeroen"]
[Black "Sokolov, Ivan"]
[Result "1/2-1/2"]
[WhiteElo "2635"]
[BlackElo "2656"]
[Annotator "Ftacnik,L"]
[PlyCount "55"]
[EventDate "1999.11.06"]
[EventType "team-swiss"]
[EventRounds "9"]
[EventCountry "GEO"]
[SourceTitle "CBM 074"]
[Source "ChessBase"]
[SourceDate "2000.02.01"]
[SourceVersion "1"]
[SourceVersionDate "2000.02.01"]
[SourceQuality "1"]
[WhiteTeam "Netherlands"]
[BlackTeam "Bosnia&Herzegovina"]
[WhiteTeamCountry "NED"]
[BlackTeamCountry "BIH"]

1. d4 Nf6 2. c4 g6 3. Nc3 d5 4. Nf3 Bg7 5. Qb3 dxc4 6. Qxc4 O-O 7. e4 a6 8. Be2
b5 9. Qb3 c5 10. dxc5 Bb7 11. O-O Nxe4 12. Nxe4 Bxe4 13. Bg5 Nc6 14. Qe3 Qd5 $5
{This move was already known, but not tested yet. Black avoids sharp lines
with sacrifice of an exchange.} (14... Bf5 15. Bh6 Bxb2 (15... Bxh6 16. Qxh6 f6
17. Qe3 Qc7 18. Nd4 Nxd4 19. Qxd4 Rfd8 20. Qe3 $14) 16. Rad1 Qa5 17. Bxf8 Rxf8
18. Bd3 Bxd3 19. Qxd3 (19. Rxd3 Bf6 (19... Qxa2 $1 20. Rd2 (20. Qe2 Qc4 $1)
20... Qa3 21. Qe4 (21. Qxa3 Bxa3 22. Ra1 Bb4 23. Rd7 Rc8 24. Rxa6 Bxc5 $15)
21... Rc8 22. Ng5 Bf6 {1/2-1/2 Sosonko,G-Svidler,P/St Petersburg/1997/}) 20. a3
(20. Ra3 $1 Qc7 21. Rxa6 Nb4 22. Rxf6 exf6 23. a3 Nd5 24. Qd4 Qc6 25. Rc1 $14)
20... b4 21. Rb1 Qb5 22. axb4 a5 23. Nd2 axb4 24. Ne4 Be5 25. g3 Ra8 26. h4 h5
{0-1 Piket,J-Ivanchuk,V/Monte Carlo/1995/ (53)}) 19... Qxa2 20. Rd2 (20. Qc2 $5
Nb4 $1 21. Qe4 Qc4 22. Qxe7 Nd5 23. Qd6 Nc3 24. Ne5 Ne2+ 25. Kh1 Bxe5 26. Qxe5
Nc3 27. Rc1 b4 $132) (20. Qe2 Qa3 21. Rd3 Bc3 22. Qe3 b4 23. Qh6 f6) 20... Rd8
(20... Qa3 $2 21. Qd7 Ne5 22. Nxe5 Bxe5 23. Qxe7 Qc3 24. Rd5 Bf6 25. Qb7 b4 26.
c6 $18 {Greenfeld,A-Svidler,P/Haifa rap/1998/ (26)}) 21. Qe2 (21. Qb1 $5 Qxb1
22. Rxd8+ Nxd8 23. Rxb1 Ba3 24. Rd1 Nc6 25. Rd3 (25. Ra1 $1 {Cifuentes Parada,R
} b4 $8 26. Nd2 a5 27. Nc4 Kg7 28. Nxa3 bxa3 29. Rxa3 Kf6 30. Re3 $1 e5 31. Rd3
Nd4 32. f4 $1 Ne2+ 33. Kf1 Nxf4 34. c6 $1 Ne6 35. Rd7 $18) 25... Bb4 26. Rd7 {
1/2-1/2/Bareev,E-Shirov,A/Sarajevo/1999/ (36)}) 21... Rxd2 22. Qxd2 b4 (22...
a5 $6 23. Qd7 Qe6 24. Qxe6 fxe6 25. Rb1 $16) (22... Qa3 23. Qd5 Nb4 24. Qd7) (
22... Kg7 23. h4 h5 24. Re1 $1 $36) 23. h4 {0-1 Piket,J-Van Wely,L/Breda/1999/
(31)}) 15. Rad1 Qf5 16. Bh6 Bxh6 17. Qxh6 f6 18. Nd4 Nxd4 (18... Qe5 19. Qe3
Rac8 20. b4 (20. f4 Qxc5 21. Qxe4 Rfd8 22. b4 Qa7) 20... Nxb4 21. Qb3+ Nd5 22.
f3 $16) 19. Rxd4 Rfd8 20. Qd2 {The other line with ambitions to get some
advantage starting with 20.Rfd1 will surely be tested in the future.} (20. Rfd1
Rxd4 21. Rxd4 Bc6 22. Qe3 $14) 20... Rxd4 21. Qxd4 Bc6 (21... e5 $2 22. Qd6 Qg5
23. g3 $16) (21... Qd5 22. Rd1 Rd8 23. Qxd5+ Rxd5 (23... Bxd5 24. a4 e6 25.
axb5 axb5 26. b4 $14) 24. b4 e5 25. f3 Rxd1+ 26. Bxd1 $14) 22. Bg4 Qd5 23.
Qxd5+ Bxd5 24. Rd1 e6 $1 {The key move of the black's concept, strong
centralized bishop neutralizes dangerous c pawn.} (24... Bxa2 $2 25. c6 f5 26.
c7 Rf8 27. Bf3 Kg7 (27... Be6 28. Bd5 Bxd5 29. Rxd5 $18) 28. Bb7 Be6 29. Bxa6
$18) 25. Bf3 (25. Rxd5 $2 exd5 26. Be6+ Kf8 27. c6 Ke7 $19) 25... Bxf3 26. gxf3
a5 $1 27. a3 (27. c6 Rc8 28. Rd6 Kf7 29. Rd7+ Ke8 30. Rd6 e5 31. f4 exf4 32.
Rxf6 Ke7 33. Rxf4 Rxc6 $15) 27... a4 28. c6 (28. c6 Rc8 29. Rd6 Kf7 30. Rd7+
Ke8 31. Rd6 e5 32. f4 exf4 33. Rxf6 Ke7 34. Rxf4 Rxc6 $15) 1/2-1/2

[Event "Sarajevo Bosnia 28th"]
[Site "Sarajevo"]
[Date "1998.06.05"]
[Round "8"]
[White "Lputian, Smbat G"]
[Black "Sokolov, Ivan"]
[Result "1-0"]
[WhiteElo "2610"]
[BlackElo "2625"]
[Annotator "Ftacnik,L"]
[PlyCount "119"]
[EventDate "1998.05.29"]
[EventType "tourn"]
[EventRounds "9"]
[EventCountry "BIH"]
[EventCategory "15"]
[SourceTitle "CBM 066"]
[Source "ChessBase"]
[SourceDate "1998.09.30"]
[SourceVersion "1"]
[SourceVersionDate "1998.09.30"]
[SourceQuality "1"]

1. d4 {Hecht} Nf6 2. c4 g6 3. Nc3 d5 4. Nf3 Bg7 5. Qb3 dxc4 6. Qxc4 O-O 7. e4
a6 8. Qb3 b5 9. e5 Nfd7 10. h4 c5 11. e6 c4 (11... fxe6 12. h5 cxd4 13. hxg6
Nc5 14. Qc2 $5 Rxf3 $5 (14... dxc3 $2 15. gxh7+ Kh8 16. Nh4 Rf6 17. Bg5 $18) (
14... h5 $5 15. Rxh5 Rf5 16. Rxf5 exf5 17. Nxb5 $1 $16) 15. gxf3 $1 d3 16. Qd2
$1 hxg6 17. Qg5 Nbd7 18. Qxg6 Nf8 19. Qg3 $18) (11... cxd4 $5 12. exd7 (12.
exf7+ Rxf7 $1 (12... Kh8 13. h5 $13) 13. Ng5 Ne5 14. Nce4 Bb7 15. Nxf7 Nxf7 16.
Ng5 Bd5 17. Nxf7 Bxf7 $44) 12... Bb7 $6 (12... Nxd7 13. Ne4 Bb7 14. Bd3 Bxe4 $1
15. Bxe4 Nc5 16. Qc2 Rc8 17. Bd3 e5 $17) 13. Ne2 e5 14. h5 $1 d3 $1 (14... Nxd7
15. hxg6 hxg6 16. Ng5 $40) 15. hxg6 hxg6 (15... dxe2 $2 16. gxf7+ Rxf7 17. Bxe2
$40) 16. Ng5 (16. Qxd3 e4 17. Qd6 exf3 18. Qh2 f5 $1) 16... e4 $1 17. Ne6 $1 {
1/2-1/2 Lputian,S-Lutz,C/Rimavska Sobota/1991/ (30)}) 12. exf7+ Rxf7 (12... Kh8
13. Qd1 Nc6 14. h5 gxh5 15. d5 Nce5 16. Nxe5 Bxe5 17. Rxh5 Bxc3+ 18. bxc3 Nf6
19. Qd4 Rxf7 20. Be2 Rg7 21. Rg5 Qg8 22. Re5 Rxg2 23. Rxe7 Rg1+ 24. Kd2 Qxd5
25. Re8+ Rg8 26. Rxg8+ Kxg8 27. Qxd5+ Nxd5 28. a4 Be6 29. axb5 Rd8 30. Kc2 axb5
31. Bh6 Kf7 {1/2-1/2 Lputian,S-Romanishin,O/URS-ch48/1980/ (40)}) 13. Qd1 Nb6 (
13... Nf6 14. Ne5 Rf8 15. a4 Be6 16. axb5 Nbd7 17. Nc6 Qb6 18. Be3 Ng4 19.
Nxe7+ Kh8 20. Ned5 Qd6 21. Bxc4 Nxe3 22. Nxe3 Bxc4 23. Nxc4 Rae8+ 24. Ne3 axb5
25. O-O b4 26. Ne2 {1-0 Oll,L-Yandemirov,V/URS-ch sf/1985/ (41)}) 14. h5 (14.
Be3 Bg4 (14... Nc6 15. Ne5 Nxe5 16. dxe5 Qc7 17. Qd4 Rb8 18. f4 Be6 19. Be2
Rff8 20. Bf3 Rfd8 21. Qc5 Qxc5 22. Bxc5 Rf8 23. Bxe7 Rxf4 24. O-O-O Re8 25. Bg5
Rf7 {Kozul,Z-Epishin,V/Frankfurt/1990/1/2-1/2 (53)}) 15. h5 Nc6 16. hxg6 hxg6
17. Be2 Nb4 18. a3 Bxf3 19. gxf3 N4d5 20. Rg1 Qd6 21. a4 e5 22. dxe5 Qxe5 23.
f4 Qf5 24. Rg5 Nxc3 25. bxc3 Bxc3+ 26. Kf1 Qh3+ 27. Kg1 Bxa1 28. Bg4 {1-0
Petrosian,A-Malaniuk,V/Erevan/1984/ (34)}) 14... Nc6 (14... Bg4 15. hxg6 hxg6
16. Be2 Rf8 17. Bh6 Bxh6 18. Rxh6 Kg7 19. Rh4 Qc8 20. Qd2 Rh8 21. Qg5 Rxh4 22.
Qxe7+ Kg8 23. Nxh4 Bxe2 24. Ne4 Nd5 25. Qe5 Qc6 {0-1 Hegedus,G-Kosa,P/Debrecen/
1998/ (42)}) 15. hxg6 hxg6 16. Be2 $5 Bf5 {The real test for white's approach
will be eating on d4 16....Nxd4!? with a chance for serious compensation.} (
16... Nxd4 $5 17. Be3 (17. Nxd4 Qxd4 18. Be3 Qxd1+ 19. Rxd1 Rb8 20. Rd8+ Rf8
$15) 17... e5 18. Ng5 Raa7 19. Nxf7 Rxf7 20. Qd2 Bb7 $44 (20... Bf5 $5)) 17.
Be3 Nb4 18. Rc1 N6d5 (18... Nd3+ 19. Bxd3 Bxd3 20. Ng5 Rf6 21. Qg4 $40) 19.
Nxd5 Nxd5 (19... Qxd5 20. Ng5 Rff8 21. Bf3 Qd6 22. Bxa8 Nd3+ 23. Kd2 Bxd4 $17)
20. Bd2 Qd6 21. b3 $1 {White needs more breating space for his centralized
pieces.} c3 (21... cxb3 22. Qxb3 Rd8 23. a4 $14) 22. Bxc3 Nf4 $1 23. Ng5 $1 {
The following combination is rather original and exciting, but the outcome is
quite banal.} (23. Bf1 Bg4 $14) (23. Nh4 Be4 24. f3 Bb7 $15) 23... Nxg2+ 24.
Kf1 (24. Kd2 $4 Qf4#) 24... Ne3+ (24... Nf4 25. Nxf7 Kxf7 26. Bg4 Bd3+ 27. Kg1
$16) 25. fxe3 Bc2+ 26. Nxf7 Qf6+ (26... Bxd1 $2 27. Nxd6 $18) 27. Ke1 Bxd1 28.
Rf1 (28. Bxd1 Rf8 29. Rf1 Qh4+ $17) 28... Bxe2 (28... Qe6 29. Kxd1 Qxe3 30. Rf3
$16) 29. Rxf6 Bxf6 (29... exf6 $5 30. Kxe2 Kxf7 31. Ba5 Ra7 32. e4 $14) 30.
Nh6+ $1 Kg7 31. Kxe2 Kxh6 32. e4 {Lputian is sligtly better, Sokolov must find
proper moment for the begin of his counterplay with "g" pawn.} Kg7 (32... e6
33. Bd2+ Kh5 34. e5 Bh4 35. Rc6 $16) 33. e5 Bg5 34. Bd2 (34. Rg1 Rc8 35. Kd3
Bh4 36. Rg4 g5 37. d5 Kg6 $132) 34... Bxd2 35. Kxd2 {[#] Hecht: Der weiße
Raumvorteil im Zentrum erschwert eine vernünftige Koordination der schwarzen
Kräfte und stellt einen nicht unerheblichen Vorteil dar. Dazu kommen die
schwarzen Bauernschwächen. Weiß wird seinen König nach e4 bringen, verfügt
sowieso über die Einbruchsfelder c6 und c7 für den Turm und droht die
Mittelbauern noch weiter vorzubringen.} Kf7 {Der Versuch, den g-Bauern mit
Königsunterstützung voranzubringen flößt nicht gerade Vertrauen ein:} (35... g5
{Hecht} 36. Ke3 Kg6 37. Ke4 g4 (37... e6 38. Rc6 Kf7 39. Rc7+ Kf8 40. Rh7 Kg8
41. Re7 $18) 38. Kf4 Rd8 39. Rd1 Kh5 40. Kf5 Kh4 41. Ke6 $18 {[%csl Re7][%cal
Rd4d5,Rd5d6]}) 36. Ke3 Rh8 (36... e6 37. Rc7+ Kf8 38. Kf4 Rd8 39. Kg5 Rxd4 40.
Ra7 $16) 37. d5 $1 Rh3+ 38. Kd4 Rh4+ 39. Kc5 Rh2 $6 (39... g5 $5) 40. Kc6 $1
Re2 (40... Rxa2 41. Kd7 Rf2 42. d6 $18) 41. e6+ Kf6 42. Kd7 $1 {White's
handling of the rook endgame makes a great impression. [#] Hecht: Auch die
Aktivierung des Turms hat die Lage nicht verbessern können. Der weiße König
steht in einer beherrschenden Position. Der Be7 ist unheilbar schwach und der
schwarze g-Bauer stellt keine Gefahr dar.} Rd2 (42... Ke5 43. d6 $1 exd6 44. e7
$18) 43. Rf1+ Kg7 (43... Ke5 44. Kxe7 Rxd5 45. Kf7 $18) 44. Rf7+ Kg8 45. Kc6 $1
{Hecht:Ideale Ergänzung der weißen Figuren. Jetzt greift der Turm e7 an, und
der König übernimmt die Bewachung der Zentralbauern.} Rc2+ 46. Kb6 Rd2 47. Kc5
Rc2+ 48. Kd4 Rd2+ 49. Ke4 g5 50. Rf5 $5 {Genau gespielt. Verlockend aber
unklarer sind andere Versuche:} (50. Rxe7 g4 51. Rc7 (51. Rd7 $5 g3 52. e7 Kf7
53. d6 g2 54. Rd8 Re2+ 55. Kd3 g1=Q 56. Kxe2 {[%cal Ye2d3,Yd3d4,Yd5c5,Yd4d5,
Yc5c6,Yc6b6,Yb6b7,Yb7b8] und möglicherweise entkommt der weiße König den
Dauerschachversuchen, indem er sich Richtung b8 wendet. Bitte prüfen!}) 51...
g3 52. Rc3 g2 53. Rg3+ Kf8 54. Ke5 Ke7 55. d6+ (55. Rg7+ {Hecht} Kf8 56. Rg3
Ke7 57. d6+ Rxd6 58. Rg7+ Kf8 59. Rxg2 Rd1 60. Rc2 $16 {[%csl Ra6,Rb5]}) 55...
Rxd6 56. Rg7+ Kf8 57. Rxg2 Rd1 $16) 50... Rxa2 51. Rxg5+ Kh7 (51... Kf8 52.
Rf5+ Ke8 53. Rh5 Kd8 (53... Kf8 54. Rh8+ Kg7 55. Re8 Kf6 56. Rf8+ Kg6 57. Rf7)
54. Rh8+ Kc7 55. Re8 Kd6 56. Rd8+ Kc5 57. Rc8+ Kb4 (57... Kb6 {Hecht} 58. Re8
$18) (57... Kd6 58. Rc6#) 58. d6 (58. Rc7 $18) 58... exd6 59. Kd3 $18) 52. Rf5
Kg6 53. Rf7 Re2+ 54. Kd3 Re1 55. Rxe7 a5 56. Kd4 a4 (56... Rd1+ 57. Ke5 Re1+
58. Kd6 $18) 57. bxa4 bxa4 58. Ra7 Kf6 59. Rf7+ Kg6 60. Rf3 $1 {Hecht:Eine
technisch saubere Leistung von Lputian} 1-0

[Event "Rimavska Sobota"]
[Site "Rimavska Sobota"]
[Date "1991.??.??"]
[Round "3"]
[White "Lputian, Smbat G"]
[Black "Lutz, Christopher"]
[Result "1/2-1/2"]
[WhiteElo "2565"]
[BlackElo "2500"]
[Annotator "Ftacnik,L"]
[PlyCount "61"]
[EventDate "1991.05.??"]
[EventType "tourn"]
[EventRounds "13"]
[EventCountry "CSR"]
[EventCategory "9"]
[SourceTitle "CBM 024"]
[Source "ChessBase"]
[SourceDate "1991.10.01"]
[SourceVersion "1"]
[SourceVersionDate "1991.10.01"]
[SourceQuality "1"]

1. d4 Nf6 2. c4 g6 3. Nc3 d5 4. Nf3 Bg7 5. Qb3 dxc4 6. Qxc4 O-O 7. e4 a6 8. e5
b5 9. Qb3 Nfd7 10. h4 (10. Be3) 10... c5 11. e6 cxd4 $5 {N} (11... fxe6 12. h5
cxd4 $13 {Bass,L-Larouche/New York/1985/}) (11... c4 12. Qd1 Nb6 13. exf7+ Rxf7
14. Be3 Bg4 15. h5 $1 $14 {Petrosjan,A-Malaniuk/Erevan/1984/}) 12. exd7 (12.
exf7+ Rxf7 $1 (12... Kh8 13. h5 $1 gxh5 (13... dxc3 14. hxg6 Nf6 15. Qxc3 e5
16. Ng5 h6 17. Nh7 Nxh7 18. Bxh6 $18) 14. Ng5 Nf6 15. Qc2 dxc3 16. Rxh5 $18)
13. Ng5 (13. Ne4 Bb7 14. Neg5 Qe8 $44) 13... Ne5 14. Nce4 Bb7 15. Nxf7 Nxf7 16.
Ng5 Bd5 17. Nxf7 Bxf7 $44) 12... Bb7 $6 (12... Nxd7 13. Ne4 Bb7 14. Bd3 (14.
Ng3 e5 $44) 14... Bxe4 $1 15. Bxe4 Nc5 16. Qc2 (16. Qd5 Qc7 $1 17. Qxa8 (17.
O-O Rad8 18. Qc6 Qa7 $1 19. Bf4 Rc8) 17... Rxa8 18. Bxa8 Nd3+ 19. Kd2 Nb4 $40)
16... Rc8 17. Bd3 e5 $17) 13. Ne2 e5 14. h5 $1 d3 $1 (14... Nxd7 15. hxg6 hxg6
16. Ng5 $40) 15. hxg6 hxg6 (15... dxe2 $2 16. gxf7+ Rxf7 17. Bxe2 $40) 16. Ng5
(16. Qxd3 e4 17. Qd6 exf3 18. Qh2 f5 $1) 16... e4 $1 17. Ne6 $1 (17. Nh7 Nxd7
$1 18. Nxf8 Nc5 19. Qd1 d2+ $1 20. Qxd2 Nd3+ $19) (17. Nf4 Qxg5 18. Ne6 Qf6 19.
Nxg7 (19. d8=Q Rxd8 20. Bg5 Qxe6) 19... Nxd7 $1 20. Bh6 Rfc8 $17) (17. Nc3 Nxd7
18. Ncxe4 (18. Be3 Qe7 $44) 18... Bxe4 19. Nxe4 Re8 20. Qxd3 (20. f3 Nc5 21.
Qb4 Rc8 $40) 20... Nc5 $1 21. Qxd8 Raxd8 22. f3 Nxe4 $1 23. fxe4 Rxe4+ 24. Kf2
Rd1 $17) 17... fxe6 18. Qxe6+ Rf7 19. Qe8+ Rf8 20. Qe6+ Rf7 21. Qe8+ Rf8 22.
Qxg6 $1 Nxd7 (22... Qxd7 23. Qh7+ Kf7 24. Bh6 Rg8 25. Nf4 $40) (22... dxe2 23.
Qh7+ Kf7 24. Bxe2 $40) 23. Qh7+ Kf7 24. Nf4 Rc8 $1 (24... Qf6 $2 25. Nh5 Qg6
26. Qxg7+ Qxg7 27. Nxg7 Kxg7 28. Bh6+ Kf6 29. Bxf8 Nxf8 30. Rc1 $1 $16) 25.
Qg6+ Kg8 26. Qh7+ Kf7 27. Bd2 $6 (27. Qh5+ Kg8 28. Ne6 Qf6 (28... Rxc1+ 29.
Rxc1 d2+ 30. Kxd2 Nf6+ 31. Nxd8 Rxd8+ 32. Kc2 $18) 29. Qh7+ Kf7 30. Qxg7+ Qxg7
31. Nxg7 Kxg7 32. Bh6+ Kf6 33. Bxf8 Nxf8 $132) 27... Qf6 28. Qh5+ Kg8 29. Qh7+
Kf7 30. Qh5+ (30. Nh5 Qxb2 31. Qxg7+ Qxg7 32. Nxg7 Kxg7 33. Bh6+ Kf6 34. Bxf8
Nxf8 $10) 30... Kg8 31. Qh7+ {Ftacnik,L} 1/2-1/2

[Event "RUS-chT 05th"]
[Site "Maikop"]
[Date "1998.06.03"]
[Round "1"]
[White "Dyachkov, Sergej"]
[Black "Svidler, Peter"]
[Result "0-1"]
[WhiteElo "2510"]
[BlackElo "2690"]
[Annotator "Ftacnik,L"]
[PlyCount "100"]
[EventDate "1998.06.03"]
[EventType "team-tourn"]
[EventRounds "11"]
[EventCountry "RUS"]
[SourceTitle "CBM 066"]
[Source "ChessBase"]
[SourceDate "1998.09.30"]
[SourceVersion "1"]
[SourceVersionDate "1998.09.30"]
[SourceQuality "1"]
[WhiteTeam "Saratov GShK"]
[BlackTeam "Sankt Petersburg"]
[WhiteTeamCountry "RUS"]
[BlackTeamCountry "RUS"]

1. d4 Nf6 2. c4 g6 3. Nc3 d5 4. Nf3 Bg7 5. Qb3 dxc4 6. Qxc4 O-O 7. e4 a6 8. Bf4
b5 9. Qxc7 Qxc7 10. Bxc7 Bb7 (10... b4 11. Na4 Nbd7 12. Bd3 Bb7 13. d5 Rfe8 14.
O-O e6 15. dxe6 Rxe6 16. Ng5 Rc6 17. Bf4 h6 18. Nh3 g5 19. Bg3 Re6 20. f3 Bc6
21. Bc2 Nh5 {0-1 Precour,J-Neininger,R/VLS Baden/1992/ (32)}) 11. Bd3 (11. e5
Nd5 12. Nxd5 (12. Ba5 Nf4 13. O-O-O Nh3 14. gxh3 Bxf3 15. Be2 Bxh1 16. Rxh1 Nc6
17. Bb6 Rfc8 (17... Rab8 18. Bc5 Rfc8 19. b4 f5 20. Bd1 e6 21. Bb3 Kf7 22. Rd1
Bf8 23. Bxf8 Rxf8 24. d5 Nxe5 25. dxe6+ Ke7 26. Nd5+ Kxe6 {0-1 Balashov,
Y-Barczay,L/Skopje 1970 (50)}) 18. f4 b4 19. Bg4 bxc3 20. Bxc8 cxb2+ 21. Kb1
Rxc8 22. d5 Nb4 23. Rd1 Rc1+ {0-1 Bolduc,S-Spraggett,G/Quebec/1986/}) (12. Bxb8
Raxb8 13. Be2 Nf4 14. g3 Nxe2 15. Kxe2 Rbc8 16. Rhe1 Rfd8 17. a3 Bxf3+ 18. Kxf3
Rxd4 19. Rad1 Rxd1 20. Nxd1 e6 {0-1 Rusev,R-Chudnovsky,J/WchJM-U14/1994/ (30)})
12... Bxd5 13. Be2 (13. Bd3 Nc6 14. Bb6 Rfc8 15. O-O Nb4 16. Rfd1 Nxd3 17. Rxd3
Rc2 18. Rd2 Rac8 19. Rxc2 Rxc2 20. b3 Bh6 21. Ba5 Be4 22. Ne1 Rc1 23. Rxc1 Bxc1
24. Bb4 {1/2-1/2 Berkovich,D-Alterman,B/UKR-ch sf/1986/ (42)}) 13... Rc8 14.
Ba5 (14. Bb6 Rc2 15. b3 Nc6 (15... Nd7 16. Ba5 Rac8 17. Bd1 Rc1 18. Rxc1 Rxc1
19. O-O f6 20. exf6 Bxf6 21. Nd2 Bxd4 22. Bf3 Rxf1+ 23. Kxf1 e6 24. Bxd5 exd5 {
Aseev,K-Marinkovic,I/Leningrad/1989/1/2-1/2 (60)}) 16. Bd1 Rc3 17. O-O Rb8 18.
Bc5 Rd8 19. Bb6 Rb8 20. Bc5 b4 21. Re1 f6 22. exf6 Bxf6 23. Be2 a5 24. Rad1 Rc2
25. Rd2 Rxd2 26. Nxd2 Nxd4 {1/2-1/2 Dreev,A-Neverov,V/Uzhgorod/1987/ (40)})
14... Nc6 15. Bc3 b4 (15... Rab8 16. a3 a5 17. Rd1 (17. Rc1 Bxf3 18. Bxf3 Nxd4
19. Bg4 Rc4 20. O-O Nb3 21. Be2 Rc5 22. Rcd1 b4 23. axb4 axb4 24. Bd4 Rc2 25.
Rfe1 Nxd4 26. Rxd4 Rxb2 {0-1 Gohil,H-Luecke,N/FRG-chJ/1990/ (40)}) 17... b4 18.
axb4 axb4 19. Bd2 Bxf3 20. Bxf3 Nxd4 21. Bg4 Rc4 22. f4 Bxe5 23. fxe5 Nc2+ 24.
Kf2 Rxg4 {1/2-1/2 Antoshin,V-Kalinitschew,S/Moscow-ch 1982/MCD-ch (42)}) 16.
Bd2 f6 17. O-O {1/2-1/2 Ivkov,B-Ree,H/Wijk/1971/}) (11. d5 b4 12. Na4 Nxe4 13.
Rd1 a5 14. Nb6 Ra7 15. Nd4 Nd6 16. Be2 Bxd4 17. Rxd4 Ba6 {1/2-1/2 Porper,
E-Vadasz,L/Borsodtavho/1991/}) 11... b4 12. Na4 Nxe4 (12... Bxe4 13. Bxe4 Nxe4
14. Rc1 Nd7 15. O-O Bh6 16. Rc6 Nef6 17. Ne5 Nxe5 18. dxe5 Nd5 19. Rd1 Nxc7 20.
Rxc7 Rfd8 21. Rxd8+ Rxd8 22. g3 Rd1+ 23. Kg2 Ra1 24. b3 Rxa2 25. Kf3 {1/2-1/2
Donner,J-Ree,H/Amsterdam m 1971/MCD-ma (30)}) 13. O-O Nf6 14. Ne5 Nc6 (14...
Nd5 15. Rfc1 f6 16. Bxb8 Rfxb8 17. Nc6 Rc8 18. Be4 Bxc6 19. Rxc6 Nf4 20. Rd1
Rxc6 21. Bxc6 Rd8 22. d5 f5 23. g3 {1-0 Quiroga,F-Palmisano,J/San Luis Clarin
GP/1995/ (53)}) 15. Nc5 (15. Nxc6 Bxc6 16. Nc5 Rfc8 $15) (15. Nb6 Ra7 $1 16.
Nbc4 Rc8 17. Bb6 Raa8 $15) 15... Rfc8 16. Nxc6 (16. Nxb7 $5 Rxc7 17. Nxc6 Rxc6
(17... Rxb7 18. Rfe1 e6 19. Rac1 $11) 18. Rac1 Rac8 19. Rxc6 Rxc6 20. Re1 $11)
16... Bxc6 17. Be5 {White is coming out of the opening with one serious
drawback-worse pawn structure due to the isolated d4 pawn.} (17. Nxa6 $2 Bb7 $1
18. Nxb4 Rxc7 $19) 17... Bb5 $1 18. Rfd1 (18. Bxb5 axb5 19. Rfc1 h5 $15) 18...
Bxd3 19. Nxd3 (19. Rxd3 Nd5 20. Bxg7 Kxg7 21. Re1 a5 $15) 19... Nd5 20. Bxg7 (
20. Rac1 Bh6 21. Rc5 e6 $15) 20... Kxg7 21. Rac1 a5 22. Kf1 (22. Rc5 Rd8 23.
Rdc1 Nb6 $1 $17) 22... Rd8 23. Rc5 e6 24. Rb5 (24. Rdc1 Nb6 $1) 24... Ra7 25.
Ne5 Rd6 26. Rc1 Ne7 $1 (26... a4 27. Rcc5 h5 28. Nc6 $1 (28. Nc4 Rdd7 29. Ne3
Nf4 30. Nc2 b3 31. axb3 axb3 32. Rxb3 Rxd4 $15) 28... Rad7 29. Nxb4 Nxb4 30.
Rxb4 Rxd4 $11) 27. Rcc5 $6 (27. Rc4 $5 f6 28. Nf3 Nd5 29. a3 h5 $13) 27... Rxd4
28. Rxa5 Rxa5 29. Rxa5 Kf6 {Black is on the top, since in the worst case he
can hope ate least for an endgame with 4 pawns against 3 on the same flank.}
30. Rb5 $2 (30. a3 $1 bxa3 31. bxa3 Nd5 32. Nf3 Rd3 $15) 30... Nd5 31. Nf3 Rd1+
32. Ne1 (32. Ke2 $2 Rb1 $19) 32... Rb1 33. g3 (33. Rc5 Rxb2 34. Rc2 Rb1 $19) (
33. b3 $2 Nf4 34. Rxb4 Rxe1+ 35. Kxe1 Nd3+ 36. Kd2 Nxb4 $19) 33... Kf5 $1 (
33... Rxb2 34. Nd3 Rb1+ (34... Rxa2 35. Nxb4 Nxb4 36. Rxb4 $15) 35. Kg2 h5 36.
Kf3 $17) 34. Rb7 (34. b3 h5 $17) 34... f6 35. b3 (35. Rxh7 Rxb2 36. Ra7 Nc3 37.
a4 b3 38. Rb7 Rb1 39. a5 b2 40. a6 Nd1 41. Nd3 Ra1 42. Nxb2 Nxb2+ $19) 35... h5
36. Rb5 Ke4 (36... Ra1 37. Ra5 g5 38. f3 $15) 37. Rc5 (37. Ra5 Ra1 38. h4 g5 (
38... Nc3 39. f3+ Ke3 40. Ra6 e5 41. Rxf6) 39. hxg5 fxg5 $17) 37... Ra1 38.
Rc4+ Kf5 39. Rc2 Nc3 40. a4 (40. h4 Nxa2 41. Rc5+ e5 42. Ra5 Kg4 43. Ra6 g5 44.
hxg5 fxg5 $17) 40... Rb1 41. a5 Ra1 (41... Rxb3 42. Nd3 Rb1+ 43. Kg2 Nd5 44. a6
Ra1 45. Rc5 b3 46. Rb5 Rxa6 47. Rxb3 $15) 42. Rd2 e5 (42... Rxa5 43. Nc2 $15)
43. Rd6 (43. a6 Rxa6 44. Nc2 Ra2 45. f3 Kg5 46. Ke1 Rb2 47. h4+ Kh6 48. Nxb4
Rxb3 $17) 43... Nb5 44. Rd8 (44. Rb6 Nd4 $19) 44... Nd4 45. a6 g5 46. Kg2 (46.
a7 Rxa7 47. Nd3 Ra1+ 48. Kg2 g4 49. Nxb4 Nf3 $19) 46... g4 (46... Rxe1 $2 47.
a7 Ra1 48. a8=Q Rxa8 49. Rxa8 Nxb3 50. Ra4 $14) 47. a7 Rxa7 48. Nd3 Ra1 49. Rc8
Rd1 $1 (49... Nf3 50. Rc1 Rxc1 51. Nxc1 Ke4 52. Na2 Ne1+ 53. Kf1 Nd3 54. Ke2 f5
$19) 50. Nb2 Rb1 0-1